| 000 | 01322nam a2200349 i 4500 | ||
|---|---|---|---|
| 001 | 195892 | ||
| 003 | SpMaBN | ||
| 005 | 20250828062539.0 | ||
| 008 | 240728s2020 sp a | |||| 000 0 spa | ||
| 017 |
_aAV 145-2020 _bOficina Depósito Legal Ávila |
||
| 020 | _a9788494963940 | ||
| 035 | _a(OCoLC)1227274162 | ||
| 035 | _aa6958453 | ||
| 040 |
_aSpMaBN _bspa _cSpMaBN _erda _dES-MaACL |
||
| 080 | _a616.896 | ||
| 100 |
_aValdez, Daniel _9237668 _eaut |
||
| 245 | 1 | 0 |
_aContextos amigables con el autismo : _bhilos y colores de su entramado / _cDaniel Valdez. |
| 250 | _aPrimera edición en octubre de 2020, por Autismo Ávila | ||
| 264 | 1 |
_aÁvila, España : _bAutismo Ávila, _c[2020]. |
|
| 300 |
_a214 páginas : _bilustraciones (blanco y negro), gráficos (blanco y negro) ; _c24 cm. |
||
| 336 |
_aTexto _2rdacontent |
||
| 337 |
_asin mediación _2rdamedia |
||
| 338 |
_avolumen _2rdacarrier |
||
| 504 | _aBibliografía: páginas 199-214 | ||
| 650 | 4 |
_aAutismo _2embne _910418 |
|
| 650 | 7 |
_aEducación _2embne _912073 |
|
| 852 |
_aES-MaACL _cDEPOJ _jN-9011 _hDonación: Editorial _xEncuadernación rústica con solapas _9204875 |
||
| 942 |
_cMONOGRAFIA _n0 |
||
| 999 |
_c195892 _d195892 |
||